| 000 | 00477cam a22002054a 4500 | ||
|---|---|---|---|
| 005 | 20250605164312.0 | ||
| 008 | 250528s ||||||||||||||||||||||||d | ||
| 035 | _a22553 | ||
| 020 | _a9780340758946 | ||
| 040 |
_aGR-AtMCL _bgre _dGR-AtMCL _eAACR2 |
||
| 245 | 1 | _aAGEING AND DEVELOPMENT | |
| 250 | _a1 | ||
| 260 |
_bArnold, _c2004 |
||
| 300 | _a244 | ||
| 700 | 1 |
_aColeman Peter _93099 |
|
| 700 | 1 |
_aO'Hanlon Ann _98335 |
|
| 942 | _cBK | ||
| 999 |
_c7601 _d7601 |
||